| 000 | 00735nam a22001695i 4500 | ||
|---|---|---|---|
| 001 | 152530 | ||
| 003 | ES-MaACL | ||
| 005 | 20230906204801.0 | ||
| 008 | 020917s1885 fr |||| | fre d | ||
| 040 |
_aCCPB | B _bspa _cCCPB | B |
||
| 100 | 1 |
_aBouquet, Louis. _930941 |
|
| 245 | 1 | 3 |
_aLe travail des enfants et des filles mineures dans l'industrie _b: loi du 19 mai 1874, règlements d'administration publique, circulaires, instructions ministérielles, décisions judiciaires / _créunis et commentés par Luis Bouquet. |
| 260 |
_aParis ; _aNancy : _bLibrairie Administrative Berger-Levrault, _c1885. |
||
| 300 |
_aVI, 356 p. ; _c19 cm. |
||
| 650 |
_aNiños- _xTrabajo- _zFrancia. _9147253 |
||
| 852 |
_aES-MaACL _jD-845 _z-- Enc. hol. |
||
| 999 |
_c152530 _d152530 |
||